| 000 | 02795cam a2200529 i 4500 | ||
|---|---|---|---|
| 999 |
_c523933 _d523933 |
||
| 001 | 18054397 | ||
| 003 | NUST | ||
| 005 | 20190612092236.0 | ||
| 008 | 140305s2013 pk af b 001 0aurd | ||
| 010 | _a 2014311215 | ||
| 020 | _a9789699396564 | ||
| 038 | _awaseem | ||
| 040 |
_aDLC _beng _erda _cDLC |
||
| 042 |
_alcode _apcc |
||
| 050 | 0 | 0 |
_aPK2199.J6 _bZ828 2013 |
| 066 |
_c(3 _c(4 |
||
| 082 |
_a928.91 _bNAQ |
||
| 100 | 1 |
_6880-01 _aNaqvī, Hilāl, _d1950- _914757 |
|
| 245 | 1 | 0 |
_6880-02 _aYādon̲ kī barāt : _bqalamī nusk̲h̲ah aur us ke gumshudah aurāq / _ctaḥqīq va tadvīn, Hilāl Naqvī. |
| 246 | 3 |
_6880-03 _aJosh Malīḥābādī kī k̲h̲vudnavisht savāniḥ-i ḥayāt Yādon̲ kī barāt qalamī nusk̲h̲ah aur us ke gumshudah aurāq |
|
| 250 |
_6880-04 _aDūsrā aiḍīshan. |
||
| 264 | 1 |
_6880-05 _aKelgarī, Kenaiḍā : _bJosh Liṭrairī Sosāʼiṭī, _c2013. |
|
| 300 |
_a384 pages, Six pages of plates : _billustrations ; _c26 cm |
||
| 336 |
_atext _2rdacontent |
||
| 337 |
_aunmediated _2rdamedia |
||
| 338 |
_avolume _2rdacarrier |
||
| 504 | _aIncludes bibliographical references and index. | ||
| 520 | _aResearch study of the manuscript of Yādon̲ kī barāt, an autobiography of Josh Malīḥābādī, 20th century Urdu author. | ||
| 546 | _aIn Urdu. | ||
| 600 | 0 | 0 |
_6880-06 _aJosh Malīḥābādī, _d1898-1982. _tYādon̲ kī barāt. _914758 |
| 600 | 0 | 0 |
_6880-07 _aJosh Malīḥābādī, _d1898-1982. _92124 |
| 650 | 0 |
_aAuthors, Urdu _y20th century _vBiography. _914759 |
|
| 700 | 0 | 2 |
_6880-08 _aJosh Malīḥābādī, _d1898-1982. _tYādon̲ kī barāt. _914758 |
| 710 | 2 |
_6880-09 _aJosh Liṭrairī Sosāʼiṭī. _914760 |
|
| 880 | 1 |
_6100-01/(3/r _aنقوى، هلال _d1950- |
|
| 880 | 1 | 0 |
_6245-02/(3/r _aيادوں کى برات : _bقلمى نسخه اور اس کے گمشده اوراق / _cتحقيق و تدوين، هلال نقوى. |
| 880 | 3 |
_6246-03/(3/r _aجوش مليح ابادى کى خودنوشت سوانح حيات يادوں کى برات قلمى نسخه اور اس کے گمشده اوراق |
|
| 880 |
_6250-04/(3/r _aدوسرا ايڈيشن. |
||
| 880 | 1 |
_6264-05/(4/r _aکيلگرى، کينيڈا : _bجوش لٹريرى سوسائٹى، _c2013. |
|
| 880 | 0 | 4 |
_6600-06/(3/r _aجوش مليح آبادى، _d1898-1982. _tيادوں کى برات. |
| 880 | 0 | 4 |
_6600-07/(3/r _aجوش مليح آبادى، _d1898-1982. |
| 880 | 0 | 2 |
_6700-08/(3/r _aجوش مليح آبادى، _d1898-1982. _tيادوں کى برات. |
| 880 | 2 |
_6710-09/(3/r _aجوش لٹريرى سوسائٹى. |
|
| 906 |
_a7 _bcbc _corigode _d3 _encip _f20 _gy-nonroman |
||
| 942 |
_2ddc _cBK |
||